Nehéz körülmények - példás helytállás
Elmentve itt :
| Szerző: | |
|---|---|
| Dokumentumtípus: | Cikk |
| Megjelent: |
1985-12-17
|
| Sorozat: | Délmagyarország
75 No. 295 |
| Kulcsszavak: | szalámigyár |
| Online Access: | http://dmarchiv.bibl.u-szeged.hu/104872 |
| LEADER | 00461nab a2200157 i 4500 | ||
|---|---|---|---|
| 001 | delm104872 | ||
| 005 | 20190906090110.0 | ||
| 008 | 190906s1985 hu o 0|| hun d | ||
| 040 | |a SZTE Délmagyarország Archívum |b hun | ||
| 041 | |a hun | ||
| 100 | 1 | |a Lődi Ferenc | |
| 245 | 1 | 0 | |a Nehéz körülmények - példás helytállás |h [elektronikus dokumentum] / |c Lődi Ferenc |
| 260 | |c 1985-12-17 | ||
| 300 | |a 3 | ||
| 490 | 0 | |a Délmagyarország |v 75 No. 295 | |
| 695 | |a szalámigyár | ||